| 000 | 00000nam##2200000za#4500 |
| 001 | 9.697442 |
| 003 | CaOODSP |
| 005 | 20210624235501 |
| 007 | cr ||||||||||| |
| 008 | 150407|1989||||xxc|||||o f|0| 0 eng|d |
| 040 | |aCaOODSP|beng |
| 043 | |an-cn--- |
| 086 | 1 |aCS96-F0002/1989E-PDF |
| 245 | 00|aCanada's aboriginal population by census subdivisions from the 1986 Census of Canada |h[electronic resource] |
| 246 | 1 |iSeries title also given on publication as : |aAboriginal Peoples Output Program |
| 260 | |aOttawa - Ontario : |bStatistics Canada |c1989. |
| 500 | |aHistorical census publication digitized by Statistics Canada. |
| 590 | |a13-07-Supp|b2013-03-25 |
| 690 | 07|aIndigenous peoples|2gcpds |
| 690 | 07|aCensus data|2gcpds |
| 710 | 2 |aStatistics Canada. |
| 775 | 08|tLa population autochtone du Canada selon les subdivisions de recensement d'après le Recensement du Canada de 1986 |w(CaOODSP)9.641479 |
| 856 | 40|ahttp://publications.gc.ca|qPDF|s5.7 MB|uhttps://publications.gc.ca/collections/collection_2013/statcan/rh-hc/CS96-F0002-1989-eng.pdf |